30 PAESI PIÙ DENSAMENTE POPOLATI - Statistics

Statistiche generali
  • Questo quiz è stato fatto 46 volte
  • Il punteggio medio è 17 su 30
Statistiche sulle risposte
Risposta % Corretto
INDIA
95%
MONACO
90%
SAN MARINO
88%
BANGLADESH
85%
VATICANO
85%
MALTA
76%
GIAPPONE
73%
SINGAPORE
68%
VIETNAM
61%
COREA DEL SUD
59%
BELGIO
56%
HAITI
54%
ISRAELE
54%
TAIWAN
54%
NAURU
51%
FILIPPINE
46%
LIBANO
46%
OLANDA
46%
SAINT VINCENT E GRENADINE
44%
SANTA LUCIA
44%
TUVALU
44%
BARBADOS
41%
SRI LANKA
41%
EL SALVADOR
39%
GRENADA
39%
MAURITIUS
39%
RUANDA
39%
BURUNDI
37%
COMORE
32%
BAHREIN
24%
Nessun quiz corrispondente trovato
Distribuzione punteggi
Percentuale di utenti per punteggio
Percentile per numero di risposta
I tuoi punteggi nel tempo
Non hai fatto questo quiz